[Event "SVK-chT2C 0708"]
[Site "Slovakia"]
[Date "2008.02.03"]
[Round "9.3"]
[White "Ambros, Jakub"]
[Black "Gabris, Ondrej"]
[Result "1-0"]
[WhiteElo "1888"]
[BlackElo "2236"]
[PlyCount "120"]
[EventDate "2007.10.06"]
[EventType "team-tourn"]
[EventRounds "11"]
[EventCountry "SVK"]
[SourceTitle "EXT 2010"]
[Source "ChessBase"]
[SourceDate "2010.11.25"]
[SourceVersion "1"]
[SourceVersionDate "2010.11.25"]
[SourceQuality "1"]
[WhiteTeam "Podbrezova ZP Sport"]
[BlackTeam "Banska Bystrica Junior"]
[WhiteTeamCountry "SVK"]
[BlackTeamCountry "SVK"]

1. e4 d5 2. exd5 Nf6 3. Nc3 g6 4. d4 Bg7 5. Nf3 0-0 6. Bd3 Nxd5 7. Nxd5 Qxd5 8. c3 Bg4 9. 0-0 Nc6 10. h3 Bxf3 11. Qxf3 Qxf3 12. gxf3 e5 13. dxe5 Nxe5 14. Be4 c6 15. Kg2 Rfe8 16. f4 Nd7 17. Bc2 f5 18. Be3 Nf6 19. Rad1 Kh8 20. Bb3 Re7 21. Rd3 b6 22. Rfd1 c5 23. Ba4 Rf8 24. Rd8 Ne4 25. R8d7 Rxd7 26. Rxd7 a6 27. Ra7 Rb8 28. Rxa6 h6 29. Bc6 Nd6 30. a4 Nc4 31. Bc1 Bf6 32. Bd5 Nd6 33. Be3 Ne4 34. Bxe4 fxe4 35. a5 Bd8 36. axb6 Bxb6 37. b4 Bd8 38. Bxc5 Kg7 39. Bd4+ Kf7 40. Kf1 h5 41. Ke2 g5 42. Ke3 gxf4+ 43. Kxf4 e3 44. fxe3 Bc7+ 45. Kf5 Rb5+ 46. Bc5 Bb8 47. Rb6 Rxb6 48. Bxb6 h4 49. c4 Ke7 50. c5 Bg3 51. e4 Bf2 52. Ke5 Be1 53. b5 Bf2 54. Kd5 Be3 55. Bc7 Kd7 56. Bd6 Bf2 57. b6 Bg3 58. b7 Bf4 59. c6+ Ke8 60. b8Q+ Kf7 1-0

[Event "SVK-chT2C 0708"]
[Site "Slovakia"]
[Date "2007.10.06"]
[Round "1.2"]
[White "Ambros, Jakub"]
[Black "Valuska, Jan"]
[Result "1/2-1/2"]
[WhiteElo "1888"]
[BlackElo "2091"]
[PlyCount "25"]
[EventDate "2007.10.06"]
[EventType "team-tourn"]
[EventRounds "11"]
[EventCountry "SVK"]
[SourceTitle "EXT 2010"]
[Source "ChessBase"]
[SourceDate "2010.11.25"]
[SourceVersion "1"]
[SourceVersionDate "2010.11.25"]
[SourceQuality "1"]
[WhiteTeam "Podbrezova ZP Sport"]
[BlackTeam "Zvolen Slavia"]
[WhiteTeamCountry "SVK"]
[BlackTeamCountry "SVK"]

1. e4 e6 2. d4 d5 3. Nd2 Nf6 4. e5 Nfd7 5. Bd3 c5 6. c3 Nc6 7. Ne2 Qb6 8. Nf3 f6 9. exf6 Nxf6 10. 0-0 Be7 11. b3 cxd4 12. Nexd4 Bc5 13. h3 1/2-1/2

[Event "SVK-ch U18"]
[Site "Liptovsky Mikulas"]
[Date "2007.04.23"]
[Round "2"]
[White "Ambros, Jakub"]
[Black "Svrcek, Martin"]
[Result "0-1"]
[WhiteElo "1798"]
[BlackElo "2074"]
[PlyCount "70"]
[EventDate "2007.04.22"]
[EventType "swiss"]
[EventRounds "9"]
[EventCountry "SVK"]
[SourceTitle "EXT 2008"]
[Source "ChessBase"]
[SourceDate "2007.11.25"]
[SourceVersion "1"]
[SourceVersionDate "2007.11.25"]
[SourceQuality "1"]

1. e4 e6 2. d4 d5 3. Nd2 Nd7 4. Bb5 g6 5. Ne2 Ne7 6. 0-0 Bg7 7. c3 c6 8. Bd3 0-0 9. Nf3 c5 10. Bg5 Re8 11. exd5 exd5 12. Bb5 c4 13. Ne5 f6 14. Nxd7 Bxd7 15. Bxd7 Qxd7 16. Bf4 a5 17. Re1 b5 18. Qd2 Nf5 19. Ng3 Bf8 20. Rxe8 Rxe8 21. Re1 Nxg3 22. Bxg3 Re6 23. f3 b4 24. Kf2 Kf7 25. Rxe6 Qxe6 26. Bc7 Qa6 27. Qc2 Qa7 28. Bf4 a4 29. Be3 b3 30. axb3 cxb3 31. Qe2 a3 32. bxa3 Qxa3 33. Qb5 Qa2+ 34. Kg3 b2 35. Qd7+ Be7 0-1

[Event "SVK-chT2C 0607"]
[Site "Slovakia"]
[Date "2007.02.04"]
[Round "9.3"]
[White "Gregor, Zdenek"]
[Black "Ambros, Jakub"]
[Result "1/2-1/2"]
[WhiteElo "1787"]
[BlackElo "1798"]
[PlyCount "30"]
[EventDate "2006.10.14"]
[EventType "team-tourn"]
[EventRounds "11"]
[EventCountry "SVK"]
[SourceTitle "EXT 2019"]
[Source "ChessBase"]
[SourceDate "2018.10.10"]
[SourceVersion "1"]
[SourceVersionDate "2018.10.10"]
[SourceQuality "1"]
[WhiteTeam "Banska Bystrica TH Junior"]
[BlackTeam "Podbrezova ZP Sport"]
[WhiteTeamCountry "SVK"]
[BlackTeamCountry "SVK"]

1. d4 Nf6 2. c4 g6 3. Nc3 Bg7 4. e4 d6 5. f3 0-0 6. Be3 Nc6 7. Qd2 e5 8. d5 Ne7 9. 0-0-0 Nd7 10. g4 f5 11. gxf5 gxf5 12. Bg5 f4 13. Bh3 Nf6 14. Qg2 Kh8 15. Bxc8 Qxc8 1/2-1/2

[Event "SVK-ch U16"]
[Site "Brezova pod Bradlom"]
[Date "2006.03.06"]
[Round "2"]
[White "Ambros, Jakub"]
[Black "Varga, David"]
[Result "0-1"]
[WhiteElo "1707"]
[BlackElo "2150"]
[PlyCount "64"]
[EventDate "2006.03.05"]
[EventType "swiss"]
[EventRounds "9"]
[EventCountry "SVK"]
[SourceTitle "EXT 2008"]
[Source "ChessBase"]
[SourceDate "2007.11.25"]
[SourceVersion "1"]
[SourceVersionDate "2007.11.25"]
[SourceQuality "1"]

1. e4 e6 2. d4 d5 3. Nd2 Nf6 4. e5 Nfd7 5. Bd3 c5 6. c3 Nc6 7. Ne2 cxd4 8. cxd4 f6 9. f4 fxe5 10. fxe5 Nxd4 11. Nxd4 Qh4+ 12. g3 Qxd4 13. Nf3 Bb4+ 14. Ke2 Qg4 15. Kf2 0-0 16. Kg2 Qxf3+ 17. Qxf3 Rxf3 18. Kxf3 Nxe5+ 19. Ke2 Nxd3 20. Kxd3 e5 21. Bd2 e4+ 22. Kc2 Bc5 23. Rhe1 Bf5 24. Bf4 d4 25. a3 e3+ 26. Kb3 Re8 27. Rad1 d3 28. Kc3 Bb6 29. g4 Bg6 30. Bg3 d2 31. Re2 Rc8+ 32. Kb4 a5+ 0-1